Disasters in Australia and New Zealand historical approaches to understanding catastrophe.

Bibliographic Details
Corporate Author: EBSCOhost
Format: eBook
Language:English
Published: [Place of publication not identified] : PALGRAVE MACMILLAN, 2020.
Subjects:
Online Access:Connect to the full text of this electronic book

MARC

Tag First Indicator Second Indicator Subfields
LEADER 00000cam a2200000Ia 4500
001 in00004278621
006 m o d
007 cr cnu---unuuu
008 200713s2020 xx o 000 0 eng d
005 20260609153713.3
020 |a 9789811543821  |q (electronic bk.) 
020 |a 9811543828  |q (electronic bk.) 
020 |z 981154381X 
020 |z 9789811543814 
024 8 |a 99984956295 
035 |a (NhCcYBP)EBSCO2519884 
040 |a NhCcYBP  |c NhCcYBP  |d UtOrBLW 
043 |a u-at---  |a u-nz--- 
050 4 |a GB5011.89  |b .D57 2020 
082 0 4 |a 155.935  |2 23 
245 0 0 |a Disasters in Australia and New Zealand historical approaches to understanding catastrophe. 
264 1 |a [Place of publication not identified] :  |b PALGRAVE MACMILLAN,  |c 2020. 
300 |a 1 online resource. 
336 |a text  |b txt  |2 rdacontent 
337 |a computer  |b c  |2 rdamedia 
338 |a online resource  |b cr  |2 rdacarrier 
588 0 |a Print version record. 
500 |a Electronic resource. 
650 0 |a Natural disasters  |z Australia  |x History. 
650 0 |a Natural disasters  |z New Zealand  |x History. 
655 7 |a Electronic books.  |2 local 
710 2 |a EBSCOhost. 
776 1 8 |i Print version:  |t Histories of disaster in australia and new zealand historical approaches to.  |d [Place of publication not identified] PALGRAVE MACMILLAN, 2020  |z 9789811543821 
856 4 0 |u http://proxy.library.tamu.edu/login?url=https://search.ebscohost.com/login.aspx?direct=true&scope=site&db=nlebk&db=nlabk&AN=2519884  |z Connect to the full text of this electronic book  |t 0 
955 |a YBP purchased approval e-records 
980 |b 218.00  |g 1 
987 |a ybp301369844 
999 f f |s 68023300-4812-386c-b623-4629651fb9f3  |i 0beca189-f591-323c-aec9-2602b894cf27  |t 0 
952 f f |a Texas A&M University  |b College Station  |c Electronic Resources  |s www_evans  |d Available Online  |t 0  |e GB5011.89 .D57 2020  |h Library of Congress classification 
998 f f |a GB5011.89 .D57 2020  |t 0  |l Available Online